Animales de Chile - Estadísticas

Estadísticas generales
  • Esta prueba ha sido intentada 246 veces
  • La puntuación promedio es 11 de 25
Estadísticas de respuestas
Imagen Respuesta % Correcto
Cóndor Andino
91%
Pingüino de Humboldt
88%
Puma
87%
Coipo
80%
Pudú del Sur
69%
Chinchilla Chilena/de Cola Larga/Menor/Costera
68%
Suri/Ñandú de Darwin/Patagónico/Andino
65%
Flamenco Chileno
63%
Reclusa Chilena/Araña de Rincón/de los Rincones/Violinista
63%
Huemul
59%
Ranita de Darwin
47%
Vicuña
46%
Jote Cabeza Roja
36%
Mariposa Monarca del Sur
34%
Sietecolores
25%
Zorro Chilote/de Darwin
25%
Chungungo/Gato de Mar/Gato Marino
24%
Loica Común
24%
Vizcacha de la Sierra
23%
Güiña/Huiña
22%
Terrier Chileno
22%
Cholga
14%
Lobo fino de Juan Fernández
14%
Concón
6%
Charrán Lunado/Gaviotín Pascuense/Espectacular
4%
No se encontraron pruebas coincidentes
Distribución de puntuación
Porcentaje de gente con cada puntuación
Porcentaje por número respondido
Historial de tus puntuaciones
No has intentado esta prueba.